[Event "2BLN 2223 SF Berlin II - SK Norderstedt"]
[Site "?"]
[Date "2023.02.25"]
[Round "7.6"]
[White "Polzin, Rainer"]
[Black "Zierke, Oliver"]
[Result "1-0"]
[WhiteElo "2396"]
[BlackElo "2258"]
[PlyCount "119"]
[EventDate "2023.??.??"]

1. e4 c5 2. Nf3 Nc6 3. Bb5 Nd4 4. Bc4 e6 5. Nc3 Nf6 6. O-O a6 7. d3 b5 8. Bb3 Nxb3 9. axb3 Bb7 10. e5 Nd5 11. Ne4 Be7 12. d4 cxd4 13. Qxd4 Qb6 14. Nd6+ Bxd6 15. exd6 Qxd4 16. Nxd4 Rc8 17. Bd2 O-O 18. Rfc1 e5 19. Nf5 g6 20. Nh6+ Kg7 21. Ng4 Rfe8 22. Bh6+ Kg8 23. c4 f5 24. cxd5 fxg4 25. Rc7 Rxc7 26. dxc7 Bxd5 27. Rxa6 Rc8 28. Ra7 Bxb3 29. Bg5 Kf7 30. Bd8 d5 31. Rb7 d4 32. Rxb5 Be6 33. Rb8 Ke8 34. Kf1 Kd7 35. Ke2 h5 36. Kd2 h4 37. g3 hxg3 38. hxg3 Bf5 39. b4 Rxc7 40. Bxc7 Kxc7 41. Rb5 Kd6 42. Rc5 Be6 43. Ra5 Bf5 44. Ra8 Kc6 45. Re8 Kd5 46. b5 Kd6 47. b6 Kc6 48. Rxe5 Kxb6 49. Rd5 d3 50. Ke3 Kc6 51. Rd8 Kc5 52. f3 gxf3 53. Kxf3 Kc4 54. g4 Be6 55. Rd6 Bd5+ 56. Ke3 g5 57. Rg6 Kc3 58. Rxg5 Be6 59. Rc5+ Kb4 60. Re5 1-0

[Event "2BLN 2223 SF Berlin II - SK Norderstedt"]
[Site "?"]
[Date "2023.02.25"]
[Round "7.7"]
[White "Hovhannisyan, Artur"]
[Black "Ahlander, Bjorn"]
[Result "0-1"]
[WhiteElo "2172"]
[BlackElo "2412"]
[PlyCount "62"]
[EventDate "2023.??.??"]

1. e4 c5 2. Nc3 d6 3. Nf3 Nf6 4. d4 cxd4 5. Nxd4 a6 6. g3 e5 7. Nb3 Be7 8. Bg2 O-O 9. O-O b5 10. a3 Be6 11. h3 Nbd7 12. Be3 Rc8 13. f4 Qc7 14. Rf2 Nb6 15. f5 Bd7 16. Nd2 Bc6 17. Kh2 d5 18. exd5 Nbxd5 19. Nxd5 Bxd5 20. Nb3 Rfd8 21. Qh1 e4 22. Bf4 Bd6 23. Bxd6 Qxd6 24. Re1 h5 25. Kg1 Qxg3 26. Qh2 Qg5 27. h4 Qh6 28. Qg3 Ng4 29. Rfe2 Bxb3 30. cxb3 Rd3 31. Re3 Rxe3 0-1

[Event "2BLN 2223 SF Berlin II - SK Norderstedt"]
[Site "?"]
[Date "2023.02.25"]
[Round "7.8"]
[White "Rudolf, Henrik"]
[Black "Parvanyan, Alfred"]
[Result "1-0"]
[WhiteElo "2262"]
[BlackElo "2134"]
[PlyCount "63"]
[EventDate "2023.??.??"]

1. e4 d6 2. d4 Nf6 3. Nc3 e5 4. Nf3 Nbd7 5. Bc4 Be7 6. O-O O-O 7. Re1 c6 8. a4 a5 9. h3 Qc7 10. Ba2 h6 11. Nh4 Re8 12. Nf5 Bf8 13. Be3 d5 14. Qf3 exd4 15. Bxd4 Ne5 16. Nxh6+ Kh7 17. Bxe5 Rxe5 18. Ng4 Bxg4 19. hxg4 Rae8 20. g5 Nxe4 21. Nxe4 Kg8 22. g6 fxg6 23. Re3 Qb6 24. Rae1 Qxb2 25. Ng5 Rxg5 26. Rxe8 Rf5 27. Qb3 Qd4 28. Qe3 Qxa4 29. Bb1 Qh4 30. g3 Qh3 31. Qe6+ Kh7 32. Rxf8 1-0

[Event "2BLN 2223 SV Glückauf Rüdersdorf - SK"]
[Site "?"]
[Date "2023.02.25"]
[Round "7.1"]
[White "Parvanyan, Ashot"]
[Black "Heberla, Bartlomiej"]
[Result "1/2-1/2"]
[WhiteElo "2432"]
[BlackElo "2551"]
[PlyCount "70"]
[EventDate "2023.??.??"]

1. Nf3 d5 2. d4 e6 3. c4 Nf6 4. g3 Be7 5. Bg2 O-O 6. O-O dxc4 7. Qc2 a6 8. a4 Bd7 9. Qxc4 Bc6 10. Bg5 Nbd7 11. Nc3 h6 12. Bxf6 Nxf6 13. b4 Bd5 14. Nxd5 exd5 15. Qb3 Bd6 16. b5 axb5 17. axb5 Qe7 18. e3 Qe6 19. Nd2 Rfe8 20. Ra2 h5 21. Rfa1 Rxa2 22. Rxa2 h4 23. Ra7 b6 24. Qd3 g6 25. Ra1 Kg7 26. Re1 Ra8 27. e4 Bb4 28. Rd1 Ra3 29. Qc2 h3 30. e5 hxg2 31. exf6+ Qxf6 32. Nb1 Ra5 33. Kxg2 Rxb5 34. Qxc7 Bd6 35. Qc2 Rb4 1/2-1/2

[Event "2BLN 2223 SV Glückauf Rüdersdorf - SK"]
[Site "?"]
[Date "2023.02.25"]
[Round "7.2"]
[White "Kanarek, Marcel"]
[Black "Olsen, Filip Boe"]
[Result "1-0"]
[WhiteElo "2490"]
[BlackElo "2430"]
[PlyCount "89"]
[EventDate "2023.??.??"]

1. e4 c5 2. Nf3 d6 3. d4 cxd4 4. Nxd4 Nf6 5. Nc3 a6 6. a4 e5 7. Nf3 Be7 8. Bg5 Be6 9. Bxf6 Bxf6 10. Nd5 Nd7 11. Bc4 Rc8 12. Ba2 O-O 13. O-O Nc5 14. Re1 Bxd5 15. Bxd5 Qd7 16. c3 b5 17. axb5 axb5 18. Qd2 Na4 19. Rec1 Nb6 20. Ra6 Rb8 21. b4 Rfc8 22. g3 h6 23. h4 Rc7 24. Kg2 Qc8 25. Rca1 Nxd5 26. Qxd5 Qb7 27. Ra8 Rxa8 28. Rxa8+ Kh7 29. Qxb7 Rxb7 30. Rc8 Ra7 31. Nh2 h5 32. Rc6 Rd7 33. Nf1 d5 34. exd5 Rxd5 35. Kf3 Rd1 36. Ne3 Rd2 37. Rc5 Kg6 38. Nd5 Bd8 39. Rxb5 f5 40. Ke3 Rd1 41. Ke2 Rc1 42. Rb8 Bf6 43. b5 e4 44. Nxf6 gxf6 45. b6 1-0

[Event "2BLN 2223 SV Glückauf Rüdersdorf - SK"]
[Site "?"]
[Date "2023.02.25"]
[Round "7.3"]
[White "Fromm, Marius"]
[Black "Leniart, Arkadiusz"]
[Result "0-1"]
[WhiteElo "2429"]
[BlackElo "2497"]
[PlyCount "166"]
[EventDate "2023.??.??"]

1. e4 e5 2. Nf3 Nc6 3. Bc4 Nf6 4. d3 Bc5 5. O-O a6 6. a4 d6 7. c3 Ba7 8. Nbd2 h6 9. Re1 g5 10. b4 Kf8 11. Nf1 g4 12. N3d2 h5 13. Nb3 h4 14. Be3 Nh5 15. b5 Ne7 16. d4 Ng6 17. bxa6 bxa6 18. Na5 Bd7 19. Bd5 Rb8 20. Nc6 Bxc6 21. Bxc6 Ngf4 22. Qxg4 Rg8 23. Qf5 Qg5 24. Rab1 h3 25. Rxb8+ Bxb8 26. Bxf4 Nxf4 27. g3 Ba7 28. Rb1 exd4 29. cxd4 Rg6 30. Rd1 Ne6 31. Qd5 Nxd4 32. Qxg5 Rxg5 33. Bd7 Ne2+ 34. Kh1 Nc3 35. Rc1 Nxe4 36. Bxh3 Nxf2+ 37. Kg2 Bb6 38. Bc8 Nd3 39. Ra1 Ra5 40. Nd2 Nc5 41. Nc4 Rxa4 42. Rxa4 Nxa4 43. Bxa6 Bd4 44. Bb7 Ke7 45. Kf3 Ke6 46. h4 d5 47. Bc8+ Kf6 48. Nd2 Nb6 49. Bb7 c5 50. Nb3 Bg1 51. g4 c4 52. Nd2 Ke5 53. h5 Bc5 54. g5 Bf8 55. g6 f5 56. Ba6 Bh6 57. Bb5 Kf6 58. Nf1 Nc8 59. Ne3 Ne7 60. Nc2 Ke5 61. Nb4 Kd6 62. Be8 Kc5 63. Na6+ Kb6 64. Nb4 d4 65. Bf7 Kb5 66. Nc2 Kc5 67. Na3 c3 68. Ke2 Nc6 69. Be6 f4 70. Bf5 Ne5 71. Nc2 d3+ 72. Bxd3 f3+ 73. Kf2 Nxd3+ 74. Kxf3 Nb4 75. Na3 Kd5 76. Kg4 Ke5 77. g7 Bxg7 78. Kg5 Ke6 79. Kg6 Be5 80. h6 Nd5 81. Nc2 Ne7+ 82. Kh7 Kf7 83. Ne1 Ng6 0-1

[Event "2BLN 2223 SV Glückauf Rüdersdorf - SK"]
[Site "?"]
[Date "2023.02.25"]
[Round "7.4"]
[White "Sieciechowicz, Marcin"]
[Black "Arndt, Magnus"]
[Result "0-1"]
[WhiteElo "2384"]
[BlackElo "2383"]
[PlyCount "148"]
[EventDate "2023.??.??"]

1. d4 Nf6 2. c4 e6 3. Nc3 Bb4 4. Qc2 O-O 5. Nf3 c5 6. dxc5 Na6 7. g3 Nxc5 8. Bg2 Nce4 9. O-O Bxc3 10. bxc3 Qc7 11. Nd4 d5 12. cxd5 exd5 13. Bf4 Qc5 14. Rac1 Bd7 15. Nb3 Qe7 16. Be3 Rac8 17. Qb2 b6 18. Bd4 Rfe8 19. Rfe1 h5 20. Nd2 h4 21. Nxe4 dxe4 22. Qd2 Ng4 23. Red1 e3 24. Bxe3 Nxe3 25. Qxe3 Qxe3 26. fxe3 Be6 27. Rd2 hxg3 28. hxg3 Rc5 29. Kf2 Rec8 30. Bb7 R8c7 31. Rd8+ Kh7 32. Be4+ g6 33. Rd2 Rxc3 34. Rxc3 Rxc3 35. Bd5 Bxd5 36. Rxd5 Ra3 37. Rd2 Kg7 38. e4 Kf6 39. e3 Ke6 40. Kf3 Ra4 41. g4 g5 42. Rc2 f6 43. Rb2 Ra5 44. Rc2 b5 45. Rc6+ Ke7 46. e5 fxe5 47. Ke4 Rxa2 48. Kxe5 Kd7 49. Rg6 a5 50. Kd4 a4 51. Kc3 Ra3+ 52. Kb2 Rxe3 53. Rxg5 Kc6 54. Rg8 Kc5 55. Rf8 Rg3 56. Rf5+ Kb4 57. Rf4+ Ka5 58. Re4 Rg2+ 59. Ka1 a3 60. g5 b4 61. g6 Ka4 62. g7 Rxg7 63. Rh4 Rg1+ 64. Ka2 Rg2+ 65. Kb1 Rd2 66. Rg4 Kb3 67. Rg3+ Kc4 68. Rg4+ Rd4 69. Rg8 b3 70. Rg1 Kb4 71. Ka1 Rc4 72. Kb1 b2 73. Ka2 Rc1 74. Rg4+ Kc5 0-1

[Event "2BLN 2223 SV Glückauf Rüdersdorf - SK"]
[Site "?"]
[Date "2023.02.25"]
[Round "7.5"]
[White "Kopylov, Daniel"]
[Black "Maciejczak, Jakub"]
[Result "1/2-1/2"]
[WhiteElo "2350"]
[BlackElo "2359"]
[PlyCount "80"]
[EventDate "2023.??.??"]

1. e4 d6 2. d4 Nf6 3. Nc3 g6 4. Be3 c6 5. f3 Nbd7 6. Qd2 Qa5 7. O-O-O b5 8. Kb1 b4 9. Nce2 Ba6 10. Qe1 Bg7 11. h4 h5 12. Nh3 c5 13. Nc1 Bxf1 14. Rxf1 Qb5 15. Ng5 Rc8 16. Qe2 Qxe2 17. Nxe2 a5 18. Nc1 O-O 19. dxc5 Nxc5 20. Bd4 Nfd7 21. Bxg7 Kxg7 22. Nb3 Nxb3 23. axb3 Rc5 24. Nh3 Rfc8 25. Rf2 Nf6 26. Nf4 Kh6 27. Nd3 R5c7 28. e5 dxe5 29. Nxe5 Kg7 30. Re2 Ra8 31. Nc4 Ra6 32. Re5 a4 33. Rb5 axb3 34. cxb3 Re6 35. Rd2 Re1+ 36. Kc2 e6 37. Rd1 Rxd1 38. Kxd1 Nd5 39. Ke2 Kf6 40. g3 Ke7 1/2-1/2

[Event "2BLN 2223 SV Glückauf Rüdersdorf - SK"]
[Site "?"]
[Date "2023.02.25"]
[Round "7.6"]
[White "Steczek, Marcin"]
[Black "Hourigan, Gerrit"]
[Result "1/2-1/2"]
[WhiteElo "2366"]
[BlackElo "2251"]
[PlyCount "68"]
[EventDate "2023.??.??"]

1. Nf3 Nf6 2. c4 e6 3. g3 d5 4. Bg2 d4 5. b4 c5 6. Bb2 a5 7. bxc5 Bxc5 8. Na3 Nc6 9. Nb5 O-O 10. O-O e5 11. e3 Bf5 12. exd4 exd4 13. d3 Re8 14. a3 Qd7 15. Qd2 h6 16. Rfe1 Ng4 17. Rxe8+ Rxe8 18. Re1 Nge5 19. Nxe5 Rxe5 20. Rxe5 Nxe5 21. Qxa5 Bxd3 22. Qa8+ Kh7 23. Qxb7 Qe6 24. h3 Nxc4 25. Bxd4 Bxd4 26. Nxd4 Qe1+ 27. Kh2 Qxf2 28. Nb3 Ne3 29. Qf3 Nf1+ 30. Kh1 Nxg3+ 31. Kh2 Nf1+ 32. Kh1 Ng3+ 33. Kh2 Nf1+ 34. Kh1 Ng3+ 1/2-1/2

[Event "2BLN 2223 SV Glückauf Rüdersdorf - SK"]
[Site "?"]
[Date "2023.02.25"]
[Round "7.7"]
[White "Boe, Mads"]
[Black "Dudzinski, Piotr"]
[Result "1/2-1/2"]
[WhiteElo "2284"]
[BlackElo "2330"]
[PlyCount "62"]
[EventDate "2023.??.??"]

1. d4 d5 2. Nf3 c6 3. Bf4 Nf6 4. e3 Bf5 5. Bd3 Bg6 6. Nbd2 Nbd7 7. h3 e6 8. O-O Be7 9. Qe2 O-O 10. Bxg6 hxg6 11. c4 c5 12. Nb3 Rc8 13. Rac1 Qb6 14. cxd5 Nxd5 15. Bg3 cxd4 16. Nbxd4 Nc5 17. Ne5 Rfd8 18. Rfd1 Bf6 19. Nc4 Qa6 20. Be5 Be7 21. Nf3 Qxa2 22. Ra1 Qb3 23. Nd4 Qb4 24. Nd2 Nd7 25. Bg3 a6 26. N2f3 N5b6 27. Rac1 Nc5 28. Ne1 Nba4 29. Rc2 Ne4 30. Bc7 Nac3 31. bxc3 Nxc3 1/2-1/2

[Event "2BLN 2223 SV Glückauf Rüdersdorf - SK"]
[Site "?"]
[Date "2023.02.25"]
[Round "7.8"]
[White "Szadkowski, Kamil"]
[Black "Beeck, Mats"]
[Result "1-0"]
[WhiteElo "2284"]
[BlackElo "2181"]
[PlyCount "101"]
[EventDate "2023.??.??"]

1. e4 e5 2. Nf3 Nc6 3. Bb5 a6 4. Ba4 Nf6 5. O-O b5 6. Bb3 Bc5 7. c3 d6 8. d4 Bb6 9. h3 O-O 10. Be3 exd4 11. cxd4 Nxe4 12. Bd5 Qe8 13. Re1 Nf6 14. Bg5 Nxd5 15. Rxe8 Rxe8 16. Nc3 Be6 17. Be3 Nce7 18. Ng5 Nxc3 19. bxc3 Bd5 20. Qg4 h6 21. Nf3 Ng6 22. a4 bxa4 23. Rxa4 a5 24. Nd2 Be6 25. Qg3 Ne7 26. Bf4 Kh8 27. Qf3 Bd5 28. Qd3 Ng6 29. Be3 Bc6 30. Ra1 d5 31. Qf5 Kg8 32. Qg4 Re7 33. h4 Kh8 34. h5 Nf8 35. Nf3 Bd7 36. Qg3 a4 37. Ne5 a3 38. Qh4 Re6 39. Nxf7+ Kg8 40. Ne5 a2 41. f4 Bb5 42. Qf2 Bc4 43. Nxc4 dxc4 44. f5 Re4 45. f6 Nd7 46. fxg7 Kxg7 47. Qg3+ Kh8 48. Qg6 Rae8 49. Qxh6+ Kg8 50. Qg6+ Kh8 51. h6 1-0

[Event "2BLN 2223 SK Norderstedt - SV Glückauf "]
[Site "?"]
[Date "2023.02.26"]
[Round "8.1"]
[White "Heberla, Bartlomiej"]
[Black "Ostrovskiy, Andrey"]
[Result "1/2-1/2"]
[WhiteElo "2551"]
[BlackElo "2416"]
[PlyCount "31"]
[EventDate "2023.??.??"]

1. e4 e5 2. Nf3 Nc6 3. Nc3 Nf6 4. d4 exd4 5. Nxd4 Bb4 6. Nxc6 bxc6 7. Bd3 O-O 8. O-O d5 9. exd5 cxd5 10. h3 Rb8 11. Be3 a5 12. Na4 Re8 13. c3 Bd6 14. Qc2 Ne4 15. Rfe1 Bd7 16. Rad1 1/2-1/2

[Event "2BLN 2223 SK Norderstedt - SV Glückauf "]
[Site "?"]
[Date "2023.02.26"]
[Round "8.2"]
[White "Licznerski, Lukasz"]
[Black "Kanarek, Marcel"]
[Result "0-1"]
[WhiteElo "2459"]
[BlackElo "2490"]
[PlyCount "96"]
[EventDate "2023.??.??"]

1. e4 c5 2. Nf3 Nc6 3. Nc3 g6 4. d4 cxd4 5. Nxd4 Bg7 6. Be3 Nf6 7. Bc4 O-O 8. Bb3 d6 9. f3 Qa5 10. Qd2 Nxd4 11. Bxd4 Be6 12. O-O Rac8 13. Rfd1 Nd7 14. Nd5 Bxd4+ 15. Qxd4 Bxd5 16. exd5 Qb6 17. Qxb6 Nxb6 18. Rd4 a5 19. c3 Rc5 20. Re1 Re8 21. a4 Kf8 22. Kf2 Rec8 23. Re2 Nd7 24. f4 b5 25. axb5 Nb6 26. Ke1 Rxb5 27. Ba2 a4 28. Rc2 Rcc5 29. Kd2 Ra5 30. c4 Ra8 31. Kd3 Nd7 32. Re4 Rc7 33. Re3 Nc5+ 34. Kc3 Rb8 35. Rce2 Rcb7 36. Rh3 Kg8 37. Rhe3 Kf8 38. g4 f5 39. gxf5 gxf5 40. Bb1 a3 41. b4 Rxb4 42. Bxf5 Rb3+ 43. Kd4 Rxe3 44. Kxe3 Rb3+ 45. Kd4 h5 46. Bc2 a2 47. Re1 Ra3 48. Ra1 e6 0-1

[Event "2BLN 2223 SK Norderstedt - SV Glückauf "]
[Site "?"]
[Date "2023.02.26"]
[Round "8.3"]
[White "Leniart, Arkadiusz"]
[Black "Trent, Lawrence"]
[Result "1-0"]
[WhiteElo "2497"]
[BlackElo "2402"]
[PlyCount "75"]
[EventDate "2023.??.??"]

1. e4 c5 2. c3 e5 3. Nf3 Nc6 4. Bc4 Nf6 5. Ng5 d5 6. exd5 Na5 7. Bb5+ Bd7 8. Qe2 Be7 9. d4 Nxd5 10. Bxd7+ Qxd7 11. dxe5 Bxg5 12. Bxg5 h6 13. Be3 O-O-O 14. O-O Rhe8 15. Bxc5 Nc6 16. Na3 Rxe5 17. Qc4 Rg5 18. f4 Rg4 19. Rad1 Qe6 20. h3 Rg3 21. Kh2 Rg6 22. Rd2 Rf6 23. Nb5 a6 24. Nd6+ Rxd6 25. Bxd6 Ne3 26. Qxe6+ Rxe6 27. Re1 Ng4+ 28. hxg4 Rxe1 29. Bf8 g5 30. Bxh6 gxf4 31. Bxf4 Nd8 32. g3 Ne6 33. Kg2 Ra1 34. b3 Rb1 35. Kf3 Re1 36. g5 a5 37. Kg4 Nf8 38. Rd5 1-0

[Event "2BLN 2223 SK Norderstedt - SV Glückauf "]
[Site "?"]
[Date "2023.02.26"]
[Round "8.4"]
[White "Barski, Radoslaw"]
[Black "Sieciechowicz, Marcin"]
[Result "1-0"]
[WhiteElo "2434"]
[BlackElo "2384"]
[PlyCount "107"]
[EventDate "2023.??.??"]

1. e4 e6 2. d4 d5 3. e5 c5 4. c3 Qb6 5. Nf3 Nc6 6. Na3 cxd4 7. cxd4 Bb4+ 8. Bd2 Nge7 9. Nc2 Bxd2+ 10. Qxd2 Qxb2 11. Bd3 Qb6 12. O-O h6 13. Rab1 Qa5 14. Qf4 Qxa2 15. Qg4 O-O 16. Ne3 Qa3 17. Rbd1 Nf5 18. Bxf5 exf5 19. Nxf5 Bxf5 20. Qxf5 Qe7 21. Qh3 Qe6 22. Qg3 Ne7 23. Ne1 Rac8 24. f4 Rc4 25. Qf2 f5 26. exf6 Qxf6 27. g3 Rfc8 28. Nf3 Rc2 29. Rd2 Qf5 30. Nh4 Qe4 31. Re1 Rc1 32. Rde2 Rxe1+ 33. Rxe1 Qd3 34. Rxe7 Rc2 35. Qf1 Qxd4+ 36. Kh1 Qc3 37. Re8+ Kh7 38. Re1 Qc4 39. Qh3 Rc1 40. Qf5+ Kg8 41. Qe6+ Kh7 42. Qg6+ Kg8 43. Rxc1 Qxc1+ 44. Kg2 Qc4 45. Qe6+ Kh7 46. Qg6+ Kh8 47. Nf5 Qe2+ 48. Kh3 Qf1+ 49. Kh4 Qa1 50. Qe8+ Kh7 51. Ne7 g5+ 52. Kh5 Qg7 53. f5 g4 54. Qg6+ 1-0

[Event "2BLN 2223 SK Norderstedt - SV Glückauf "]
[Site "?"]
[Date "2023.02.26"]
[Round "8.5"]
[White "Maciejczak, Jakub"]
[Black "Kopylov, Michael"]
[Result "1/2-1/2"]
[WhiteElo "2359"]
[BlackElo "2369"]
[PlyCount "42"]
[EventDate "2023.??.??"]

1. e4 c5 2. Nc3 Nc6 3. g3 g6 4. Bg2 Bg7 5. d3 Nf6 6. f4 d6 7. Nf3 O-O 8. O-O Rb8 9. a4 a6 10. h3 b5 11. axb5 axb5 12. Be3 b4 13. Ne2 Ne8 14. Qc1 Nc7 15. Rd1 Nb5 16. c3 bxc3 17. bxc3 Bd7 18. Nd2 Qc7 19. Nc4 Be6 20. Bf2 Ra8 21. Qb2 Rxa1 1/2-1/2

[Event "2BLN 2223 SK Norderstedt - SV Glückauf "]
[Site "?"]
[Date "2023.02.26"]
[Round "8.6"]
[White "Zierke, Oliver"]
[Black "Steczek, Marcin"]
[Result "0-1"]
[WhiteElo "2258"]
[BlackElo "2366"]
[PlyCount "98"]
[EventDate "2023.??.??"]

1. d4 Nf6 2. Nf3 e6 3. Bg5 h6 4. Bxf6 Qxf6 5. e4 d6 6. Nc3 g5 7. e5 Qe7 8. Bb5+ Bd7 9. Bxd7+ Nxd7 10. Qe2 O-O-O 11. O-O-O Bg7 12. h3 dxe5 13. dxe5 Qc5 14. Rhe1 Nb6 15. Rxd8+ Rxd8 16. Kb1 Nc4 17. Ne4 Qa5 18. Nf6 Bxf6 19. exf6 Nd2+ 20. Nxd2 Qxd2 21. c3 Qxe2 22. Rxe2 Rd5 23. g4 Rd3 24. h4 Rf3 25. hxg5 hxg5 26. Re5 Rxf6 27. Rxg5 Rxf2 28. a4 Kd7 29. b4 Kd6 30. Rg8 Rg2 31. Rf8 Rxg4 32. Rxf7 a5 33. bxa5 Rxa4 34. Kc2 Rxa5 35. Kd3 b6 36. Rh7 Rg5 37. Kc4 c6 38. Rh8 Rg4+ 39. Kd3 Rg3+ 40. Kc4 b5+ 41. Kb4 Rg4+ 42. Kb3 Rc4 43. Kc2 Rg4 44. Rd8+ Ke5 45. Re8 Kd5 46. Rd8+ Kc4 47. Rd2 Re4 48. Rd6 c5 49. Kd2 Re5 0-1

[Event "2BLN 2223 SK Norderstedt - SV Glückauf"]
[Site "?"]
[Date "2023.02.26"]
[Round "8.7"]
[White "Dudzinski, Piotr"]
[Black "Hovhannisyan, Artur"]
[Result "1/2-1/2"]
[WhiteElo "2330"]
[BlackElo "2172"]
[PlyCount "115"]
[EventDate "2023.??.??"]

1. e4 d5 2. exd5 Nf6 3. Nf3 Bg4 4. d4 Qxd5 5. Be2 Nc6 6. c3 O-O-O 7. O-O Kb8 8. Bf4 e6 9. Nbd2 h6 10. Ne5 Nxe5 11. Bxe5 Bxe2 12. Qxe2 Bd6 13. Nc4 Nd7 14. Bxd6 cxd6 15. Ne3 Qe4 16. Rfe1 Nf6 17. Rad1 h5 18. Qb5 Qf4 19. g3 Qf3 20. Qe2 Qe4 21. Qd3 Qf3 22. Qe2 Qe4 23. Qd3 h4 24. Qxe4 Nxe4 25. Ng2 d5 26. Nxh4 g5 27. Nf3 g4 28. Ne5 Ng5 29. Nxg4 Nf3+ 30. Kg2 Nxe1+ 31. Rxe1 Kc7 32. Ne5 Rh7 33. h4 Kd6 34. Nd3 Rg8 35. Rh1 f6 36. Kh3 e5 37. dxe5+ fxe5 38. Rd1 a5 39. f4 e4 40. Ne5 Ke6 41. g4 b5 42. h5 Rc8 43. Ng6 b4 44. Kh4 bxc3 45. bxc3 Rhc7 46. f5+ Kd6 47. Nf4 Ke5 48. Kg5 e3 49. Rxd5+ Ke4 50. Rd1 Rg8+ 51. Ng6 e2 52. Re1 Kf3 53. h6 Kf2 54. Rh1 e1=Q 55. Rxe1 Kxe1 56. Kf4 Rc4+ 57. Kg5 Rc7 58. Kf4 1/2-1/2

[Event "2BLN 2223 SK Norderstedt - SV Glückauf "]
[Site "?"]
[Date "2023.02.26"]
[Round "8.8"]
[White "Parvanyan, Alfred"]
[Black "Szadkowski, Kamil"]
[Result "1/2-1/2"]
[WhiteElo "2134"]
[BlackElo "2284"]
[PlyCount "75"]
[EventDate "2023.??.??"]

1. d4 Nf6 2. c4 c5 3. d5 b5 4. cxb5 a6 5. bxa6 g6 6. Nc3 Bg7 7. Nf3 O-O 8. e4 Qa5 9. Bd2 Bxa6 10. Be2 Qb4 11. a3 Qxb2 12. O-O d6 13. a4 Qb7 14. Rb1 Bxe2 15. Rxb7 Bxd1 16. Rxd1 Nfd7 17. Ra1 f5 18. exf5 Rxf5 19. Re1 Kf8 20. Ng5 Rxg5 21. Bxg5 Bxc3 22. Bxe7+ Kf7 23. Re4 Bd4 24. Bxd6 Rxa4 25. Re7+ Kf6 26. g3 Ra1+ 27. Kg2 Ra2 28. Re6+ Kf5 29. Bxb8 Nxb8 30. Rxb8 Rxf2+ 31. Kh3 Rd2 32. Rf8+ Kg5 33. Rf1 c4 34. d6 Bb2 35. Rf4 c3 36. Rc4 c2 37. Re1 c1=Q 38. Rexc1 1/2-1/2

[Event "2BLN 2223 SK Doppelbauer Turm Kiel II - "]
[Site "?"]
[Date "2023.02.26"]
[Round "8.1"]
[White "Ahmadinia, Ebrahim"]
[Black "Parvanyan, Ashot"]
[Result "1/2-1/2"]
[WhiteElo "2452"]
[BlackElo "2432"]
[PlyCount "68"]
[EventDate "2023.??.??"]

1. e4 e5 2. Nf3 Nc6 3. d4 exd4 4. Nxd4 Bc5 5. Nb3 Bb6 6. Nc3 Nge7 7. Bg5 f6 8. Bh4 O-O 9. Qd2 a5 10. a4 Nb4 11. Bc4+ Kh8 12. O-O d6 13. Nd5 Nbxd5 14. Bxd5 Nxd5 15. Qxd5 Re8 16. Rfe1 Be6 17. Qd3 Bxb3 18. Qxb3 Qd7 19. Bg3 Qc6 20. Qd3 Re6 21. Qd5 Rae8 22. Qxc6 bxc6 23. Kf1 Rxe4 24. Rxe4 Rxe4 25. Re1 Rxe1+ 26. Kxe1 Kg8 27. Ke2 Kf7 28. Kd3 d5 29. f3 Ke6 30. c4 h5 31. Be1 c5 32. cxd5+ Kxd5 33. b3 c6 34. h3 Bc7 1/2-1/2

[Event "2BLN 2223 SK Doppelbauer Turm Kiel II - "]
[Site "?"]
[Date "2023.02.26"]
[Round "8.2"]
[White "Olsen, Filip Boe"]
[Black "Agopov, Mikael"]
[Result "1/2-1/2"]
[WhiteElo "2430"]
[BlackElo "2446"]
[PlyCount "66"]
[EventDate "2023.??.??"]

1. d4 Nf6 2. c4 g6 3. Nc3 d5 4. cxd5 Nxd5 5. e4 Nxc3 6. bxc3 Bg7 7. Qa4+ c6 8. Nf3 O-O 9. Be2 b5 10. Qc2 Nd7 11. O-O Nb6 12. Ba3 Be6 13. Rad1 Bc4 14. Ne5 Bxe5 15. dxe5 Qc7 16. f4 c5 17. h4 Rad8 18. h5 a5 19. Bc1 b4 20. Bxc4 Nxc4 21. Rxd8 Qxd8 22. Qe2 Nb6 23. f5 Na4 24. fxg6 fxg6 25. Qc4+ Kh8 26. Bh6 Rxf1+ 27. Qxf1 Nxc3 28. Qf7 Qd1+ 29. Kh2 Qxh5+ 30. Kg1 Qxh6 31. Qe8+ Kg7 32. Qxe7+ Kg8 33. Qe6+ Kg7 1/2-1/2

[Event "2BLN 2223 SK Doppelbauer Turm Kiel II - "]
[Site "?"]
[Date "2023.02.26"]
[Round "8.3"]
[White "Baum, Jonasz"]
[Black "Fromm, Marius"]
[Result "1/2-1/2"]
[WhiteElo "2431"]
[BlackElo "2429"]
[PlyCount "108"]
[EventDate "2023.??.??"]

1. e4 c5 2. Nf3 e6 3. d4 cxd4 4. Nxd4 Nf6 5. Nc3 Nc6 6. Ndb5 Bc5 7. Bf4 O-O 8. Bc7 Qe7 9. Bd6 Bxd6 10. Qxd6 Qd8 11. O-O-O a6 12. Nd4 Ne7 13. Qg3 b5 14. e5 Nfd5 15. Ne4 Qa5 16. Kb1 Bb7 17. Nd6 Rab8 18. h4 f5 19. exf6 Nxf6 20. Nxb7 Rxb7 21. Bd3 Ned5 22. h5 h6 23. Nb3 Qb6 24. Rh4 b4 25. Rc4 a5 26. Rc5 a4 27. Rb5 Qc7 28. Qxc7 Rxc7 29. Nc5 Ra7 30. Bg6 a3 31. Rb7 Rxb7 32. Nxb7 Ng4 33. f3 Nge3 34. Rd3 axb2 35. Be4 Nc3+ 36. Kxb2 d5 37. Kb3 Nxg2 38. Bg6 Ra8 39. Kxb4 Nxa2+ 40. Kc5 Nc1 41. Rd1 Ne2 42. Kd6 Nef4 43. Nc5 Nh4 44. Rb1 Nxf3 45. Rf1 Nxg6 46. hxg6 Nh4 47. Rg1 Rc8 48. Nxe6 Rxc2 49. Ra1 Nxg6 50. Ra7 Nf8 51. Nxg7 d4 52. Nf5 d3 53. Nxh6+ Kh8 54. Nf7+ Kg8 1/2-1/2

[Event "2BLN 2223 SK Doppelbauer Turm Kiel II - "]
[Site "?"]
[Date "2023.02.26"]
[Round "8.4"]
[White "Arndt, Magnus"]
[Black "Lauber, Arnd"]
[Result "1-0"]
[WhiteElo "2383"]
[BlackElo "2405"]
[PlyCount "55"]
[EventDate "2023.??.??"]

1. d4 Nf6 2. Nc3 e6 3. e4 d5 4. Bg5 Bb4 5. Nge2 dxe4 6. a3 Be7 7. Bxf6 Bxf6 8. Nxe4 Bd7 9. Qd3 Bc6 10. O-O-O Bxe4 11. Qxe4 Qd5 12. Qe3 O-O 13. Nc3 Qa5 14. Ne4 Nd7 15. Bd3 Be7 16. h4 Qb6 17. h5 Rfd8 18. g4 Nf6 19. Nxf6+ Bxf6 20. c3 e5 21. Qe4 exd4 22. Qxh7+ Kf8 23. Qh8+ Ke7 24. Rhe1+ Kd6 25. Qh7 Re8 26. c4 Qa5 27. Rxe8 Rxe8 28. f4 1-0

[Event "2BLN 2223 SK Doppelbauer Turm Kiel II - "]
[Site "?"]
[Date "2023.02.26"]
[Round "8.5"]
[White "Florstedt, Johannes"]
[Black "Kopylov, Daniel"]
[Result "0-1"]
[WhiteElo "2375"]
[BlackElo "2350"]
[PlyCount "94"]
[EventDate "2023.??.??"]

1. e4 e5 2. Nf3 Nf6 3. Nxe5 d6 4. Nf3 Nxe4 5. Nc3 Nxc3 6. dxc3 Be7 7. Bf4 Nc6 8. Qd2 Be6 9. O-O-O Qd7 10. Kb1 Bf6 11. h4 O-O-O 12. Ng5 Bf5 13. Bc4 Bxg5 14. hxg5 Rhe8 15. f3 Re7 16. Qf2 Kb8 17. g4 Bg6 18. b3 Rde8 19. Kb2 f5 20. gxf6 gxf6 21. a4 a6 22. Bf1 Ne5 23. Rh3 Qc6 24. Bd2 Nd7 25. Qd4 Nc5 26. Qxf6 Qb6 27. a5 Na4+ 28. Kc1 Qc5 29. b4 Qc6 30. Qd4 Re5 31. Bc4 Nc5 32. Kb2 Bxc2 33. Ra1 Bd3 34. bxc5 Bxc4 35. Qxc4 Rxc5 36. Qf4 Qb5+ 37. Kc2 Rd5 38. Rh2 Qd3+ 39. Kc1 Qf1+ 40. Kc2 Qxa1 41. Qf7 Qa4+ 42. Kc1 Rxa5 43. Rxh7 Qa1+ 44. Kc2 Ra2+ 45. Kb3 Qb1+ 46. Kc4 Qb5+ 47. Kd4 Rxd2# 0-1

[Event "2BLN 2223 SK Doppelbauer Turm Kiel II - "]
[Site "?"]
[Date "2023.02.26"]
[Round "8.6"]
[White "Hourigan, Gerrit"]
[Black "Chatzidakis, Mihail"]
[Result "0-1"]
[WhiteElo "2251"]
[BlackElo "2323"]
[PlyCount "118"]
[EventDate "2023.??.??"]

1. d4 Nf6 2. c4 g6 3. g3 c5 4. d5 b5 5. cxb5 a6 6. bxa6 Nxa6 7. Bg2 d6 8. Nc3 Bg7 9. Nf3 O-O 10. O-O Bf5 11. Nd2 Nb4 12. Nc4 Bc2 13. Qd2 Bb3 14. Na3 Bxd5 15. Nxd5 Nfxd5 16. Nc4 Nc7 17. Bxa8 Qxa8 18. a3 Nc6 19. Rb1 Nd4 20. Ne3 Qe4 21. Ra1 Nb3 22. Qc2 Qxc2 23. Nxc2 Nxa1 24. Nxa1 Rb8 25. Bg5 f6 26. Bc1 f5 27. Bg5 Kf7 28. b4 cxb4 29. axb4 Rxb4 30. Rc1 Nd5 31. Nc2 Rb2 32. Kf1 Nc3 33. Ne3 Ne4 34. h4 h6 35. Bf4 g5 36. hxg5 hxg5 37. Nc4 gxf4 38. Nxb2 Bxb2 39. Rc2 Be5 40. gxf4 Bxf4 41. e3 Be5 42. Ke2 Nc5 43. Rc4 Ke6 44. f3 Bf6 45. Rf4 Ke5 46. Rb4 Kd5 47. Rb8 e6 48. Rf8 Be5 49. Rf7 Kc4 50. Rh7 d5 51. Rh1 f4 52. Rh4 Nd3 53. Rg4 Kc3 54. Rg8 fxe3 55. Kxe3 Bf4+ 56. Ke2 Nc1+ 57. Kf2 d4 58. Rc8+ Kd2 59. Ra8 d3 0-1